000 03610nam0a2200373 4500
001 RU\NLR\BIBL_A\022581694
005 20260420050528.0
010 _a978-5-9509-0698-5
_9100
021 _aRU
_bКН-П-25-028927
_9КН-П-25-2861
035 _a(NLR Aleph) 022581694
090 _a13677245
_c13677245
100 _a20250708d2025 u y0rusy50 ca
101 0 _arus
102 _aRU
105 _aa j 000yy
181 0 _ai3
_baxxe
182 0 _an
200 1 _aОбеспечение транспортной безопасности
_eучебное пособие
_eдля студентов 1-го курса, обучающихся по магистерской программе по дисциплине "Транпортная безопасность" (направление подготовки 26.04.01 "Гидрографическое обеспечение судоходства"), а также для студентов 1-го и 3-го курса, обучающихся по программе бакалавриата по дисциплине "Экология" (направление подготовки: 26.03.01 "Управление водным транспортом", 26.05.05 "Судовождение")
_fЕ. Ю. Кузнецова, Н. В. Покровская, А. В. Поляков
_gФедеральное агентство морского и речного транспорта, Федеральное государственное бюджетное образовательное учреждение высшего образования Государственный университет морского и речного флота имени адмирала С. О. Макарова, Институт Морская академия, Факультет навигации и связи, Кафедра безопасности жизнедеятельности
203 _aТекст
_bвизуальный
_cнепосредственный
210 _aСанкт-Петербург
_cИзд-во ГУМРФ имени адмирала С. О. Макарова
_d2025
215 _a118, [1] с.
_cил.
_d21
300 _aВ вып. дан. авт.: Кузнецова Е. Ю., канд. техн. наук, Покровская Н. В., канд. юрид. наук, проф., Поляков А. В.
320 _aБиблиогр.: с. 96-97 (23 назв.)
606 1 _aТранспорт
_jУчебные издания для высших учебных заведений
_xБезопасность
_xПравовые вопросы
_yРоссийская Федерация
_92404556
_3RU\NLR\AUTH\661433111
606 1 _aМорские суда
_jУчебные издания для высших учебных заведений
_xБезопасность плавания
_xПравовые вопросы
_yРоссийская Федерация
_92603523
_3RU\NLR\AUTH\661540081
686 1 _aХ621.145я73
686 1 _aХ621.145.42я73
701 1 _aКузнецова
_bЕ. Ю.
_cканд. техн. наук, безопасность жизнедеятельности
_gЕлена Юрьевна
_9258617
_3RU\NLR\AUTH\770258673
701 1 _aПокровская
_bН. В.
_gНаталия Васильевна
701 1 _aПоляков
_bА. В.
_cпреподаватель, безопасность жизнедеятельности
_gАлександр Владимирович
_9233222
_3RU\NLR\AUTH\770233278
942 _cBOOK
980 _aNB